Extraterrestrial biology (Record no. 2751)

MARC details
000 -LEADER
fixed length control field 00547nam a2200181Ia 4500
003 - CONTROL NUMBER IDENTIFIER
control field IN-BaIIA
008 - FIXED-LENGTH DATA ELEMENTS--GENERAL INFORMATION
fixed length control field 211028s9999 xx 000 0 eng d
020 ## - INTERNATIONAL STANDARD BOOK NUMBER
International Standard Book Number 1-9765-0116
040 ## - CATALOGING SOURCE
Transcribing agency IIA Library
080 ## - UNIVERSAL DECIMAL CLASSIFICATION NUMBER
Universal Decimal Classification number 52-36
Item number YOU
100 ## - MAIN ENTRY--PERSONAL NAME
Personal name Young, Richard S.
9 (RLIN) 4922
245 #0 - TITLE STATEMENT
Title Extraterrestrial biology
Statement of responsibility, etc. Richard S. Young
260 ## - PUBLICATION, DISTRIBUTION, ETC.
Place of publication, distribution, etc. New York
Name of publisher, distributor, etc. Holt Rinehard and Winston
Date of publication, distribution, etc. 1966
300 ## - PHYSICAL DESCRIPTION
Extent 119p.
650 ## - SUBJECT ADDED ENTRY--TOPICAL TERM
Topical term or geographic name entry element Astronomy and astrophysics thesaurus
650 ## - SUBJECT ADDED ENTRY--TOPICAL TERM
Topical term or geographic name entry element Extraterrestrial life
9 (RLIN) 4250
942 ## - ADDED ENTRY ELEMENTS (KOHA)
Koha item type Books
Holdings
Withdrawn status Lost status Damaged status Not for loan Home library Current library Shelving location Date acquired Cost, normal purchase price Total Checkouts Full call number Barcode Date last seen Cost, replacement price Price effective from Koha item type Purchase Price
        IIA Library-Bangalore IIA Library-Bangalore General Stacks 30/03/1967 14.11   52-36/ YOU 3067 05/11/2021 14.11 30/03/1967 Books Rs. 14.11

Powered by Koha